书目信息 |
| 题名: |
生物质催化转化技术
|
|
| 作者: | 时君友 编著 | |
| 分册: | ||
| 出版信息: | 北京 科学出版社 2019.06 |
|
| 页数: | 218页 | |
| 开本: | 24cm | |
| 丛书名: | ||
| 单 册: | ||
| 中图分类: | TK62 | |
| 科图分类: | ||
| 主题词: | 生物质--sheng wu zhi--转化--研究 | |
| 电子资源: | ||
| ISBN: | 978-7-03-061109-3 | |
| 000 | 00918nam0 2200241 450 | |
| 001 | 202019134716 | |
| 005 | 20191007123106.0 | |
| 010 | @a978-7-03-061109-3@dCNY98.00 | |
| 100 | @a20191002d2019 em y0chiy50 ea | |
| 101 | 0 | @achi |
| 102 | @aCN@b110000 | |
| 105 | @aak a 000yy | |
| 106 | @ar | |
| 200 | 1 | @a生物质催化转化技术@Asheng wu zhi cui hua zhuan hua ji shu@f时君友编著 |
| 210 | @a北京@c科学出版社@d2019.06 | |
| 215 | @a218页@c图@d24cm | |
| 320 | @a有书目 (第214-218页) | |
| 330 | @a本书分为9章, 主要内容包括: 绪论、生物质能资源的生产与再生产、生物质与生物质催化转化概述、生物质催化转化单元操作及过程工程总论、生物质催化转化前处理平台、生物质催化转化后处理平台、生物质催化转化多联产模式、生物质催化转化制备新型平台化合物等。 | |
| 606 | 0 | @a生物质@Asheng wu zhi@x转化@x研究 |
| 690 | @aTK62@v5 | |
| 701 | 0 | @a时君友@Ashi jun you@4编著 |
| 801 | 0 | @aCN@c20190905 |
| 905 | @a河南城建学院图书馆@dTK62@eS560 | |
| 生物质催化转化技术/时君友编著.-北京:科学出版社,2019.06 |
| 218页:图;24cm |
| ISBN 978-7-03-061109-3:CNY98.00 |
| 本书分为9章, 主要内容包括: 绪论、生物质能资源的生产与再生产、生物质与生物质催化转化概述、生物质催化转化单元操作及过程工程总论、生物质催化转化前处理平台、生物质催化转化后处理平台、生物质催化转化多联产模式、生物质催化转化制备新型平台化合物等。 |
| ● |
| 相关链接 |
|
|
|
正题名:生物质催化转化技术
索取号:TK62/S560
 
预约/预借
| 序号 | 登录号 | 条形码 | 馆藏地/架位号 | 状态 | 备注 |
| 1 | 1442796 | 214427967 | 期刊室512/501自科库 136排7列6层/ [索取号:TK62/S560] | 在馆 | |
| 2 | 1442797 | 214427976 | 自科库501/501自科库 136排8列1层/ [索取号:TK62/S560] | 在馆 |